000 01178nam a22001937a 4500
008 190723b xxu||||| |||| 00| 0 eng d
020 _a978091191019
050 _aWB102.P83
100 _aPorter, Robert S.
245 _aThe merck manual of diagnosis and therapy. /
_cRobert S.Porter.
250 _a19th ed.
260 _aPhiladaphia :
_bMerck sharp and Dohme Corp;
_c2011.
300 _axxxii, 3754 p.:
_bill.,
_c21 cm.
500 _aIncludes index
505 _aContent: Nutritional disorders -- Gastrointestinal disorders -- Hepatic and biliary disorders -- Musculoskeletal and connective tissue disorders -- Ear,nose,throat,and dental disorders -- Eye disorders -- Dermatologic disorders -- Endocrine and metabolic disorders -- Hematology and oncology -- Immunology and oncology -- Immunology;Allergic disorders -- Infectious diseases -- Psychiatric disorders -- Neurologic Disorders -- Pulmonary disorders -- Cardiovascular disorders -- Critical care medicine -- Gynecology and obstetrics -- Pediatrics -- Geriatrics -- Clinical Pharmacology -- Injuries;poisoning -- special subjects.
700 _aRobert S. Porter.
700 _aKaplan Justin L.
942 _2lcc
_cBK
999 _c6792
_d14292